| 000 | 00834nam a2200253Ia 4500 | ||
|---|---|---|---|
| 003 | OSt | ||
| 005 | 20220927104126.0 | ||
| 006 | a|||||r|||| 00| 0 | ||
| 007 | ta | ||
| 008 | 220926b |||||||| |||| 00| 0 eng d | ||
| 024 | _a119332 | ||
| 037 | _cReference Collections | ||
| 040 |
_aRTL _cRTL _beng |
||
| 041 |
_2eng _aeng |
||
| 082 | _a"Sigma a14,12.N8, N0.1-M0.3/BB" | ||
| 100 |
_aSharma Suresh K Ed. _9364535 |
||
| 245 | 0 | _aSocial Science in modern India. 4V | |
| 260 |
_aNew _bDelhi Deep and Deep Publication India _c1990 |
||
| 300 |
_a417p; 428p; 383p. _ccm. |
||
| 650 |
_aSocial Science _9364536 |
||
| 700 |
_a Abidi Sartaj A Ed. _9364537 |
||
| 942 |
_h"Sigma a14,12.N8, N0.1-M0.3/BB" _cCC |
||
| 999 |
_c686278 _d686278 |
||